000 00571nam a2200181 u 4500
001 000752995
003 AM-YeHGA
005 20250617143621.0
008 100727s1970 ||| r 000 0 rus d
040 _aAM-YeHGA
041 0 _arus
100 1 _aЛеднев, Валентин Васильевич
245 1 0 _aШаги :
_bСтихи, поэма /
_cВалентин Леднев.
260 _aВолгоград :
_bНиж.-Волж. кн. изд-во,
_c1970.
300 _a96 с.
653 0 _aРусская советская поэзия
090 _c279997
999 _c278345
_d278345